Applied coastal geomorphology
Na minha lista:
| Autor principal: | |
|---|---|
| Formato: | Livro |
| Idioma: | inglês |
| Publicado em: |
Cambridge
MIT
1971
|
| Assuntos: | |
| Tags: |
Adicionar Tag
Sem tags, seja o primeiro a adicionar uma tag!
|
MARC
| LEADER | 00000nam a2200000 a 4500 | ||
|---|---|---|---|
| 001 | UCV5134 | ||
| 003 | CL-VaPUC | ||
| 008 | 920729e19710000US |||||||||||||||||eng|d | ||
| 082 | 0 | 4 | |a 551.457 |b STE |2 21 |
| 100 | 0 | |a Steers, James Alfred |e author |9 299415 | |
| 245 | 1 | 0 | |a Applied coastal geomorphology |
| 300 | |a 227 p | ||
| 942 | |c BK | ||
| 945 | |d 19920729 00:00:00 |a mfernand | ||
| 260 | |a Cambridge |b MIT |c 1971 | ||
| 650 | 0 | |a Costas |9 261336 | |
| 650 | 0 | |a Geomorfología |9 261377 | |
| 583 | |a last modification |c 19920729 00:00:00 |k Rodrigo Vera | ||
| 999 | |c 211725 |d 211723 | ||